| 000 | 00422nam a2200145 i 4500 | ||
|---|---|---|---|
| 001 | bg | ||
| 100 | 1 | _aLEWIS, Roland W. | |
| 245 | 0 |
_aThe finite element method in the deformation and consolidation of porous media / _cRoland W.Lewis,Bernard R.Schrefter. |
|
| 260 |
_aChichester, _c1987. |
||
| 700 | 1 | _aSCHREFTER, Bernard R. | |
| 040 | _cBPK | ||
| 041 | _apol | ||
| 942 | _cKS | ||
| 008 | s pl f |000 0 pol | ||
| 999 |
_c28989 _d28989 |
||
| 856 |
_uhttp://koha.tu.koszalin.pl/cgi-bin/koha/opac-detail.pl?biblionumber=28989 _yKatalog online BPK |
||